| 000 | 00841cab a2200229 4500 | ||
|---|---|---|---|
| 001 | X89129 | ||
| 008 | 090401t1998 xxu||||| |||| 00| 0 eng d | ||
| 035 | _a(Sirsi) u83533 | ||
| 041 | _aeng | ||
| 245 | _aMurdoch and another v Glacier Metal Co Ltd | ||
| 260 | _c1998 | ||
| 350 | _a0 | ||
| 490 |
_aEstates Gazette Case Summaries _v[1998] EGCS 6, (1) (31/01/98) |
||
| 520 | _aCA 19 January 1998. Noise from factory situated in area of mixed residential and industrial property - plaintiffs complaining of sleep disturbance - whether common law nuisance established - appeal dismissed. TAKEN FORM REPORT HEADER. | ||
| 650 | _aCOMMON LAW | ||
| 650 | _aMURDOCH AND ANOTHER V GLACIER METAL CO LTD | ||
| 650 | _aNOISE LEVELS | ||
| 650 | _aNUISANCE | ||
| 690 | _aPROPERTY LAW AND PRACTICE-CASE LAW | ||
| 942 | _n0 | ||
| 948 | _c04/02/1998 | ||
| 999 |
_c52763 _d52763 |
||